Planning in India; (Record no. 66964)

MARC details
000 -LEADER
fixed length control field 00607cam a22002291 4500
001 - CONTROL NUMBER
control field sa 65010821
003 - CONTROL NUMBER IDENTIFIER
control field DLC
005 - DATE AND TIME OF LATEST TRANSACTION
control field 20260227112211.0
008 - FIXED-LENGTH DATA ELEMENTS--GENERAL INFORMATION
fixed length control field 790825s1965 ii b 000 0 eng
010 ## - LIBRARY OF CONGRESS CONTROL NUMBER
LC control number sa 65010821
035 ## - SYSTEM CONTROL NUMBER
System control number (OCoLC)5309637
040 ## - CATALOGING SOURCE
Original cataloging agency DLC
Transcribing agency TxCM
Modifying agency DLC
042 ## - AUTHENTICATION CODE
Authentication code premarc
050 00 - LIBRARY OF CONGRESS CALL NUMBER
Classification number HC435
Item number .R593
100 1# - MAIN ENTRY--PERSONAL NAME
Personal name Roy, Ajit.
245 10 - TITLE STATEMENT
Title Planning in India;
Remainder of title achievements and problems.
250 ## - EDITION STATEMENT
Edition statement [1st ed.]
260 ## - PUBLICATION, DISTRIBUTION, ETC.
Place of publication, distribution, etc. Calcutta,
Name of publisher, distributor, etc. National Publishers
Date of publication, distribution, etc. [1965]
300 ## - PHYSICAL DESCRIPTION
Extent 523 p.
Dimensions 23 cm.
504 ## - BIBLIOGRAPHY, ETC. NOTE
Bibliography, etc. note Bibliographical footnotes.
651 #0 - SUBJECT ADDED ENTRY--GEOGRAPHIC NAME
Geographic name India
General subdivision Economic policy.

No items available.

Powered by Koha